| 000 | 00594nam a2200121Ia 4500 | ||
|---|---|---|---|
| 008 | 220620s9999||||xx |||||||||||||| ||und|| | ||
| 100 | _aPadios, Jan M. | ||
| 245 | 2 |
_aA Nation on the Line _bCall Centers as Postcolonial Predicaments in the Philippines |
|
| 546 | _aEnglish[eng] | ||
| 650 | _aAnthropology||Customer service||Filipinos||Philippines||United States | ||
| 856 | _uhttps://library.oapen.org/bitstream/20.500.12657/30256/1/648161.pdf||https://library.oapen.org/bitstream/20.500.12657/30256/1/648161.pdf||https://library.oapen.org/bitstream/20.500.12657/30256/1/648161.pdf | ||
| 942 | _cEB | ||
| 999 |
_c33483 _d33483 |
||